000
00262nam a22001097a 4500
082
_a
740/SHA
100
_a
Shahu,Ramesh
_9
83560
245
_a
History Of Indian Handicrafts
260
_a
Delhi
_b
Raman Publication
_c
2020
650
_a
Handicrafts
_9
27306
942
_c
BK
999
_c
68501
_d
68501